| 000 | 00828nas a2200277 4500 | ||
|---|---|---|---|
| 001 | BR2013001949 | ||
| 003 | BR-BrBNA | ||
| 005 | 20231205122112.0 | ||
| 007 | ta | ||
| 008 | 230509b bl.|||p| |||| 00| 00por d | ||
| 040 |
_aBR-BrBNA _bpor _cBiblioteca Nacional de Agricultura |
||
| 041 | _a(Pt) | ||
| 072 | _aF70; P01 | ||
| 100 | 1 | _aLopes, J. de C. | |
| 100 | 1 | _aMello-Silva, R. de | |
| 245 | 1 | _aAnnonaceae do Parque Estadual de Ibitipoca, Minas Gerais | |
| 650 | _aMINAS GERAIS | ||
| 650 | _aFLORA | ||
| 650 | _aANNONACEAE | ||
| 650 | _aPARQUE ESTADUAL | ||
| 650 | _aIDENTIFICAÇÃO | ||
| 650 | _aESPÉCIE | ||
| 773 | 0 |
_tBoletim de Botânica da Universidade de São Paulo (Brazil) _xISSN 0302-2439 _g(2012), v. 30 (2) p. 157-164 _wBR2013001949 |
|
| 909 |
_a202311 _bLúcia _c55 _dLúcia Elande |
||
| 942 |
_2AGRIS _n0 _cANA |
||
| 999 |
_c226939 _d226939 |
||